|
|
|
|
| LEADER |
01288nam a22003137a 4500 |
| 001 |
38694 |
| 003 |
BD-DhAAL |
| 008 |
220526t20162016nz a b 000 0 eng d |
| 999 |
|
|
|c 44213
|d 44213
|
| 020 |
|
|
|a 9780473379025
|
| 020 |
|
|
|a 0473379023
|
| 040 |
|
|
|a BD-DhAAL
|c BD-DhAAL
|
| 082 |
|
|
|a 363.3482
|2 23
|
| 100 |
|
|
|a Tipper, J. S.
|q (John Stuart),
|d 1974-
|e author.
|9 48791
|
| 245 |
|
|
|a Decision making in disaster response :
|b strategies for frontline humanitarian responders /
|c J.S. Tipper.
|
| 246 |
|
|
|a Decision making in disaster response
|
| 260 |
|
|
|a Auckland, New Zealand :
|b Relief Advisory International,
|c c2016.
|
| 300 |
|
|
|a 307 pages :
|b illustrations ;
|c 21 cm.
|
| 504 |
|
|
|a Includes bibliographical references.
|
| 526 |
|
|
|a ARC
|
| 541 |
|
|
|a Development Book Agency
|e 38694
|
| 650 |
|
|
|a Humanitarianism.
|9 48792
|
| 650 |
|
|
|a Emergency management.
|9 48793
|
| 650 |
|
|
|a Disaster relief.
|9 48794
|
| 650 |
|
|
|a Decision making
|x Moral and ethical aspects.
|9 48795
|
| 650 |
|
|
|a Social services.
|9 48796
|
| 852 |
|
|
|a Ayesha Abed Library
|c General Stacks
|
| 942 |
|
|
|2 ddc
|c BK
|
| 952 |
|
|
|0 0
|1 0
|2 ddc
|4 0
|6 363_348200000000000_TIP
|7 0
|9 70672
|a BRACUL
|b BRACUL
|c GEN
|d 2022-05-22
|e Development Book Agency
|g 2975.00
|l 2
|m 16
|o 363.3482 TIP
|p 3010038694
|r 2025-03-02
|s 2025-02-20
|t 1
|v 2975.00
|w 2022-05-22
|y BK
|